000
00322nam a2200133Ia 4500
008
191201s2009 xx 000 0 und d
082
_a
005.2
_b
COW
100
_a
CONGER, Jim
245
0
_a
Windows Programming Primer Plus
260
_a
N.Delhi
_b
Galgatia Pub. Pvt
_c
2009
300
_a
714
650
_a
MCA
942
_2
ddc
_c
BK
999
_c
3698
_d
3698